Química orgánica

Na minha lista:
Detalhes bibliográficos
Autor principal: Carey, Francis A (autor)
Formato: Livro
Idioma:espanhol
Publicado em: Madrid,España: McGraw Hill, 2006.
Edição:Sexta edición.
Assuntos:
Tags: Adicionar Tag
Sem tags, seja o primeiro a adicionar uma tag!

MARC

LEADER 00000nam a2200000 a 4500
001 UCN4904
003 CL-VaPUC
005 20230817110121.0
008 010817t20060000SP |||||||||||||||||spa|d
999 |c 439764  |d 439762 
020 |a 978-970-10-5610-3 
040 |c Pontificia Universidad Católica de Valparaíso 
082 0 4 |a 547 CAR 2006  |2 21 
100 0 |a Carey, Francis A  |e autor  |9 461012 
245 1 0 |a Química orgánica 
250 |a Sexta edición.  
260 |a Madrid,España:  |b McGraw Hill,   |c 2006. 
300 |a 1245 páginas. 
583 |a last modification  |c 20010817 00:00:00  |k Cristina María Rojas Aguilar 
650 0 |a Enlaces químicos  |9 306789 
650 0 |a Alcoholes   |9 257199 
650 0 |a Alquenos  |9 461013 
650 7 |a ESTEREOQUIMICA  |2 CL-VaPUC  |9 306790 
650 7 |a ESTRUCTURA QUIMICA  |2 CL-VaPUC  |9 319669 
650 0 |a Espectroscopía  |9 306791 
650 7 |a COMPUESTOS CARBONILICOS  |2 CL-VaPUC  |9 461014 
650 0 |a Compuestos organometálicos  |9 360482 
650 7 |a CARBOHIDRATOS  |2 CL-VaPUC  |9 306793 
942 |c BK  |2 ddc 
952 |0 0  |1 0  |2 ddc  |4 0  |6 547_000000000000000_CAR_2006  |7 0  |8 A  |9 588281  |a BIBCUR  |b BIBCUR  |c GEN  |d 2022-12-16  |e 3  |g 155533.00  |i 5656076  |o 547 CAR 2006  |p 5656076  |r 2025-04-22  |t 1  |v 155533.00  |w 2022-12-16  |y BK  |k QUI